Commercial general volume tables for the commercially more important indigenous forest tree species of inland forest, Malaya

Bibliographic Details
Main Author: VINCENT
Other Authors: Sandrasegaran
Format: Book
Published: Kuala Lumpur : [Forest Research Institute Malaysia] , 1965
Series:Malayan forest record; n. 24
Subjects:

MARC

LEADER 00000cam a2200000 7i4500
001 0000001549
005 20010801.0
090 0 0 |a 634.9285   |b VIN 1965 
100 1 0 |a VINCENT   |h A. J. 
245 1 0 |a Commercial general volume tables for the commercially more important indigenous forest tree species of inland forest, Malaya   |c A. J. Vincent and K. Segaran 
260 0 0 |a Kuala Lumpur :   |b [Forest Research Institute Malaysia] ,   |c 1965 
300 |a 40 p. :   |b tables ;   |c 30 cm. 
440 0 0 |a Malayan forest record; n. 24 
500 0 0 |a Includes index 
650 0 0 |a Mensuration 
700 0 1 |a Sandrasegaran   |h K. 
998 |a JPSM 
999 |a 0000003057   |b Monograph   |c Open Shelf   |e Default branch